|
|
|
|
| LEADER |
02301nam a2200601 a 4500 |
| 001 |
nkc20081797704 |
| 003 |
CZ PrNK |
| 005 |
20090205090905.0 |
| 007 |
ta |
| 008 |
080718s2008 xr a e 000 0 cze |
| 015 |
|
|
|a cnb001797704
|
| 020 |
|
|
|a 978-80-86211-63-3
|q (EMAN ;
|q váz.)
|
| 020 |
|
|
|a 978-90-803410-4-3
|q (Zwart op Wit ;
|q váz.)
|
| 035 |
|
|
|a (OCoLC)244811620
|
| 040 |
|
|
|a ABA001
|b cze
|
| 041 |
1 |
|
|a cze
|a dut
|h cze
|
| 043 |
|
|
|a e-xr---
|
| 044 |
|
|
|a xr
|a nl
|
| 045 |
|
|
|a x9x9
|
| 072 |
|
7 |
|a 74
|x Kresba. Umělecká řemesla
|2 Konspekt
|9 21
|
| 080 |
|
|
|a 741/744(437.3)
|2 MRF
|
| 080 |
|
|
|a 7.036/.038
|2 MRF
|
| 080 |
|
|
|a 2-236.5
|2 MRF
|
| 080 |
|
|
|a 7.04
|2 MRF
|
| 080 |
|
|
|a (437.3)
|2 MRF
|
| 080 |
|
|
|a (084.11)
|2 MRF
|
| 100 |
1 |
|
|a Urbánek, Ivan,
|d 1933-1994
|7 jo2003193208
|4 aut
|4 ill
|
| 245 |
1 |
0 |
|a Josef :
|b kresby Ivana Urbánka = Jozef : tekeningen van Ivan Urbánek /
|c Ivan Urbánek
|
| 246 |
3 |
0 |
|a Kresby Ivana Urbánka
|
| 246 |
3 |
0 |
|a Tekeningen van Ivan Urbánek
|
| 246 |
3 |
1 |
|a Jozef
|
| 260 |
|
|
|a Benešov :
|b EMAN ;
|a Wijk aan Zee :
|b Zwart op Wit,
|c 2008
|
| 300 |
|
|
|a [121] l. :
|b vše il. ;
|c 23 cm +
|e 1 brožura (20, 27 s. ; 17 cm)
|
| 500 |
|
|
|a Název z obálky
|
| 500 |
|
|
|a V příloze brožura "Genesis kapitoly 37,39-50 = Jozef : genesis hoofdstuk 37,39-50" s doprovodným textem, souběžný nizozemský text tištěn zvratmo
|
| 600 |
1 |
7 |
|a Urbánek, Ivan,
|d 1933-1994
|7 jo2003193208
|2 czenas
|
| 648 |
|
7 |
|a 1991-1995
|7 ch969083
|2 czenas
|
| 650 |
0 |
7 |
|a česká kresba
|7 ph116857
|y 20. století
|2 czenas
|
| 650 |
0 |
7 |
|a moderní umění
|7 ph115340
|z Česko
|2 czenas
|
| 650 |
0 |
7 |
|a biblické příběhy
|7 ph118858
|2 czenas
|
| 650 |
0 |
7 |
|a umělecké náměty
|7 ph138227
|2 czenas
|
| 650 |
0 |
9 |
|a Czech drawing
|y 20th century
|2 eczenas
|
| 650 |
0 |
9 |
|a modern art
|z Czechia
|2 eczenas
|
| 650 |
0 |
9 |
|a Bible stories
|2 eczenas
|
| 650 |
0 |
9 |
|a artistic themes
|2 eczenas
|
| 655 |
|
7 |
|a obrazové publikace
|7 fd132947
|2 czenas
|
| 655 |
|
9 |
|a pictorial works
|2 eczenas
|
| 856 |
4 |
1 |
|u http://www.digitalniknihovna.cz/mzk/uuid/uuid:31e0c980-c1c9-11e4-b2e2-005056827e52
|y Digitalizovaný dokument
|x NDK
|
| 910 |
2 |
|
|a BOA001
|b 2-1213.955
|
| 990 |
|
|
|a BK
|
| 995 |
|
|
|a 01
|
| 991 |
|
|
|b 200811
|c NOV
|
| 996 |
6 |
|
|b 2610360370
|c 2-1213.955
|l MZK
|r Sklad / do 1 hodiny
|n 1
|p p.v.
|w 000922043
|u 000010
|a 1
|e BOA001
|j MZK50
|s P
|